Statistiques concernant Culture Générale - Série 475

Cliquez ici pour prendre le quiz!

Statistiques générales

  • Ce quiz a été pris 130 fois
  • Le résultat moyen est 4 sur 10

Statistiques - réponses

QuestionRéponse% Correct
D'après son nom, qu'est‐ce que la créature appelée "Bigfoot" possède de grand ?pied
92%
Dans quel film de 1983, Sylvester Stallone incarne‐t‐il un ancien soldat qui se recoud lui‐même le bras ?Rambo
73%
Dans le film "Le Jour le plus long", quel comique français incarne le maire de Colleville ?Bourvil
59%
Quel nom anglais tombé en désuétude désignait en France un présentateur de radio ?Speaker
59%
Quel nom anglais désigne un jardin public en français ?square
58%
En 1997, quelle résistante Carole Bouquet a‐t‐elle incarnée au cinéma ?Lucie Aubrac
42%
Quel personnage mythologique inspire un essai à Albert Camus en 1942 ?Sisyphe
24%
Dans le film "Travaux, on sait quand ça commence...", quel est le métier de Carole Bouquet ?Avocate
13%
Dans la mythologie grecque, par quel nom désigne‐t‐on les trois déesses de la Destinée ?Les Moires
11%
Sur quelle île sicilienne Carole Bouquet produit‐elle du vin ?Pantelleria
4%

Distribution des résultats

Percentile par nombre de réponses

% des personnes avec chaque résultat

Votre développement - résultats

Vous n’avez pas pris ce quiz